U.S. Office Property Clock (Record no. 119299)

MARC details
000 -LEADER
fixed length control field 01165cas a22002415 4500
001 - CONTROL NUMBER
control field L152386
008 - FIXED-LENGTH DATA ELEMENTS--GENERAL INFORMATION
fixed length control field 111108c2011 xxuqr ws s 0 a0eng u
035 ## - SYSTEM CONTROL NUMBER
System control number (Sirsi) u152386
041 0# - LANGUAGE CODE
Language code of text/sound track or separate title eng
050 ## - LIBRARY OF CONGRESS CALL NUMBER
Classification number 333.33 $2 18
110 2# - MAIN ENTRY--CORPORATE NAME
Corporate name or jurisdiction name as entry element Jones Lang LaSalle
9 (RLIN) 3755
245 00 - TITLE STATEMENT
Title U.S. Office Property Clock
Medium [electronic resource]
260 ## - PUBLICATION, DISTRIBUTION, ETC.
Place of publication, distribution, etc. [S.l.]
Name of publisher, distributor, etc. Jones Lang LaSalle
Date of publication, distribution, etc. 2010
362 0# - DATES OF PUBLICATION AND/OR SEQUENTIAL DESIGNATION
Dates of publication and/or sequential designation Q4 2010-
490 #0 - SERIES STATEMENT
Series statement Jones Lang LaSalle U.S. Office Property Clock
Volume/sequential designation Q4 2010-
520 ## - SUMMARY, ETC.
Summary, etc. The Jones Lang LaSalle office clock demonstrates where each market sits within its real estate cycle. Markets generally move clockwise around the clock, with markets on the left side of the clock generally landlord-favorable and markets on the right side of the clock generally tenant-favorable.
554 ## -
-- Four per year
650 24 - SUBJECT ADDED ENTRY--TOPICAL TERM
Topical term or geographic name entry element JONES LANG LASALLE U.S. OFFICE PROPERTY CLOCK
651 #4 - SUBJECT ADDED ENTRY--GEOGRAPHIC NAME
Geographic name United States
Chronological subdivision 1959-
690 ## - LOCAL SUBJECT ADDED ENTRY--TOPICAL TERM (OCLC, RLIN)
Topical term or geographic name as entry element PROPERTY-COMMERCIAL PROPERTY-COMMERCIAL PROPERTY MARKET
856 40 - ELECTRONIC LOCATION AND ACCESS
Uniform Resource Identifier <a href="https://www.us.am.joneslanglasalle.com/UnitedStates/EN-US/Pages/Office-Property-Clock.aspx">https://www.us.am.joneslanglasalle.com/UnitedStates/EN-US/Pages/Office-Property-Clock.aspx</a>
Public note View the report free of charge at www.us.am.joneslanglasalle
942 ## - ADDED ENTRY ELEMENTS (KOHA)
Suppress in OPAC 0
Holdings
Withdrawn status Lost status Source of classification or shelving scheme Damaged status Not for loan Home library Current library Shelving location Date acquired Total Checkouts Full call number Barcode Date last seen Copy number Price effective from Koha item type
    Dewey Decimal Classification     Virtual Virtual Online 01/03/2011   ONLINE PUBLICATION 152386-2001 06/08/2019 1 06/08/2019 Book